Normal görünüm MARC görünümü

Giriş Geographic Name

Kullanılan kayıt sayısı: 1

001 - CONTROL NUMBER

  • control field: 3213

003 - CONTROL NUMBER IDENTIFIER

  • control field: TR-AnABB

005 - DATE AND TIME OF LATEST TRANSACTION

  • control field: 20260330123213.0

008 - FIXED-LENGTH DATA ELEMENTS

  • fixed length control field: 260330|| aca||aabn | a|a d

040 ## - CATALOGING SOURCE

  • Original cataloging agency: TR-AnABB
  • Transcribing agency: TR-AnABB

151 ## - HEADING--GEOGRAPHIC NAME

  • Geographic name: İsmet İnönü, Hatıralar

670 ## - SOURCE DATA FOUND

  • Source citation: Koha: (TR-AnABB)10089: İnönü, İsmet 3212, Hatıralar /, 1985